स्वास्थ्य एवं घरेलू उपचार / (Record no. 55492)

MARC details
000 -LEADER
fixed length control field 01106nam a22002417a 4500
005 - DATE AND TIME OF LATEST TRANSACTION
control field 20090820100419.0
008 - FIXED-LENGTH DATA ELEMENTS--GENERAL INFORMATION
fixed length control field 090820t xxu||||| |||| 00| 0 hin d
010 ## - LCCN (DPL NO)
LC control number HIN-93713
020 ## - INTERNATIONAL STANDARD BOOK NUMBER
Terms of availability 300.00
International Standard Book Number 8189684043
035 ## - SYSTEM CONTROL NUMBER
System control number HN-66059
037 ## - SOURCE OF ACQUISITION
Source of stock number/acquisition DBAD / PUB
040 ## - CATALOGING SOURCE
Original cataloging agency dpl
Language of cataloging hn
082 ## - DEWEY DECIMAL CLASSIFICATION NUMBER
Classification number 613.7046
100 ## - MAIN ENTRY--PERSONAL NAME
Personal name शर्मा, शिखा
9 (RLIN) 32941
245 ## - TITLE STATEMENT
Title स्वास्थ्य एवं घरेलू उपचार /
Remainder of title शिखा शर्मा
260 ## - PUBLICATION, DISTRIBUTION, ETC. (IMPRINT)
Place of publication, distribution, etc जयपुर
Name of publisher, distributor, etc गौरा प्रकाशन मंदिर
Date of publication, distribution, etc 2011
270 ## - ADDRESS
Address म.न.430, छोटू बैण्ड के ऊपरी मंजिल, चाँदपोल बाजार
City जयपुर
300 ## - PHYSICAL DESCRIPTION
Extent 197पृ.
Dimensions 22सेमी (सजिल्द)
Other physical details सचित्र
650 ## - SUBJECT ADDED ENTRY--TOPICAL TERM
9 (RLIN) 1169
650 ## - SUBJECT ADDED ENTRY--TOPICAL TERM
9 (RLIN) 32942
942 ## - ADDED ENTRY ELEMENTS (KOHA)
Source of classification or shelving scheme Dewey Decimal Classification
Item type Hindi Books
Call number suffix शर्माशि
Classification part 613.7046
Holdings
Withdrawn status Lost status Source of classification or shelving scheme Damaged status Not for loan Collection code Home library Current library Date acquired Source of acquisition Cost, normal purchase price Total Checkouts Full call number Barcode Date last seen Copy number Cost, replacement price Koha item type
    Dewey Decimal Classification   Not For Loan Non-fiction D.B.Act.Division D.B.Act.Division 17/08/2011 DBAD / PUB 300.00   613.7046 शर्माशि HN-66059 17/08/2011 1 300.00 Hindi Books

© Delhi Public Library
Hit Counter
free hit counter